[Event "XVII MIEDZYNARODOWY FESTIWAL SZACHOWY PERLA BALTYKU - TURNIEJ KOLOWY Z NORMA IM"]
[Site "LAZY"]
[Date "1899-12-30"]
[Round "1.1"]
[White "Nowak, Lukasz"]
[Black "Dubinski, Mateusz"]
[Result "1-0"]
[WhiteTitle "FM"]
[BlackTitle "FM"]
[WhiteElo "2303"]
[BlackElo "2312"]

1. d4 Nf6 2. c4 g6 3. g3 Bg7 4. Bg2 O-O 5. Nc3 d6 6. Nf3 Nc6 7. O-O Bf5 8. Ne1
e5 9. d5 Ne7 10. e4 Bd7 11. Nd3 b6 12. Bd2 Qc8 13. f4 exf4 14. gxf4 Ng4 15. Qe1
Qa6 16. Nb5 Bxb5 17. Nb4 Qc8 18. cxb5 Qd7 19. h3 Nh6 20. a4 Bxb2 21. f5 Nhxf5
22. exf5 Nxf5 23. Be4 Ng7 24. Ra2 Bd4+ 25. Be3 Be5 26. Nd3 Qxh3 27. Nxe5 dxe5
28. Bg2 Qg4 29. Qe2 Qxe2 30. Rxe2 f5 31. Rc2 Rf7 32. Rfc1 Ne8 33. d6 e4 34. dxc7
Rc8 35. a5 Rcxc7 36. Bf1 Rxc2 37. Rxc2 Nd6 38. Bf4 Rf6 39. a6 g5 40. Bxd6 Rxd6
41. Rc7 e3 42. Rxa7 Rd1 43. Re7 f4 44. a7 Ra1 45. Re8+ Kf7 46. a8=Q Rxa8 47. Rxa8
f3 48. Ra3 1-0

[Event "XVII MIEDZYNARODOWY FESTIWAL SZACHOWY PERLA BALTYKU - TURNIEJ KOLOWY Z NORMA IM"]
[Site "LAZY"]
[Date "1899-12-30"]
[Round "1.2"]
[White "Antolak, Julia"]
[Black "Fiedorek, Michal"]
[Result "1-0"]
[WhiteTitle "WIM"]
[BlackTitle "FM"]
[WhiteElo "2309"]
[BlackElo "2234"]

1. e4 c6 2. Nf3 d5 3. d3 dxe4 4. dxe4 Qxd1+ 5. Kxd1 Bg4 6. Be2 Nd7 7. Ne1 Bxe2+
8. Kxe2 Ngf6 9. f3 e6 10. a4 Bd6 11. Be3 h5 12. h4 Bc7 13. Nd3 Ne5 14. Nxe5 Bxe5
15. Nd2 Bc7 16. Nc4 Nd7 17. Bd4 a6 18. b4 O-O 19. Rhd1 Rfd8 20. a5 Nf8 21. Bb6
Rdc8 22. Rd3 f6 23. Rad1 Kf7 24. Rd7+ Nxd7 25. Rxd7+ Kg6 26. Bxc7 1-0

[Event "XVII MIEDZYNARODOWY FESTIWAL SZACHOWY PERLA BALTYKU - TURNIEJ KOLOWY Z NORMA IM"]
[Site "LAZY"]
[Date "1899-12-30"]
[Round "1.3"]
[White "Aliavdin, Nikolai"]
[Black "Budrewicz, Krzysztof"]
[Result "0-1"]
[WhiteTitle "IM"]
[BlackTitle "m"]
[WhiteElo "2324"]
[BlackElo "2279"]

1. e4 c5 2. Nf3 e6 3. c3 Nf6 4. e5 Nd5 5. d4 cxd4 6. cxd4 d6 7. Bc4 Nb6 8. Bd3
N8d7 9. Qe2 dxe5 10. dxe5 Nc5 11. Bc2 Nd5 12. O-O Bd7 13. Na3 Be7 14. Rd1 O-O
15. Rd4 Kh8 16. h4 a5 17. Bg5 f6 18. exf6 gxf6 19. Bh6 Rg8 20. Re1 Bf8 21. Bc1
Qe8 22. Nh2 Bc6 23. Rg4 Bd6 24. Nc4 Bc7 25. g3 Qf7 26. Be3 Nxe3 27. Qxe3 b6 28.
Bd1 Rad8 29. Rxg8+ Qxg8 30. Bf3 Rd3 31. Qe2 Bxf3 32. Nxf3 Bxg3 33. Kf1 Qg4 34.
Ng1 Qxc4 35. fxg3 Kg7 36. b3 Qd4 37. Nf3 Qd5 38. Ng1 Rxg3 0-1

[Event "XVII MIEDZYNARODOWY FESTIWAL SZACHOWY PERLA BALTYKU - TURNIEJ KOLOWY Z NORMA IM"]
[Site "LAZY"]
[Date "1899-12-30"]
[Round "2.1"]
[White "Dubinski, Mateusz"]
[Black "Grzesik, Gracjan"]
[Result "0-1"]
[WhiteTitle "FM"]
[BlackTitle "k"]
[WhiteElo "2312"]
[BlackElo "2063"]

1. d4 Nf6 2. c4 e6 3. g3 d5 4. Nf3 Be7 5. Bg2 O-O 6. O-O b6 7. cxd5 exd5 8. Nc3
Bb7 9. Qc2 c5 10. Rd1 Na6 11. a3 Nc7 12. e4 dxe4 13. dxc5 exf3 14. Rxd8 Raxd8
15. Bh3 Bxc5 16. Bg5 Rfe8 17. Bxf6 gxf6 18. Bf5 Nb5 19. Qc1 Nd4 20. Qf4 Ne2+ 21.
Nxe2 fxe2 22. Re1 Rd1 0-1

[Event "XVII MIEDZYNARODOWY FESTIWAL SZACHOWY PERLA BALTYKU - TURNIEJ KOLOWY Z NORMA IM"]
[Site "LAZY"]
[Date "1899-12-30"]
[Round "2.3"]
[White "Budrewicz, Krzysztof"]
[Black "Kopylov, Daniel"]
[Result "1-0"]
[WhiteTitle "m"]
[BlackTitle "m"]
[WhiteElo "2279"]
[BlackElo "2344"]

1. d4 Nf6 2. c4 g6 3. Nc3 d5 4. Nf3 Bg7 5. Qb3 dxc4 6. Qxc4 O-O 7. e4 a6 8. Be2
b5 9. Qb3 c5 10. dxc5 Bb7 11. e5 Nfd7 12. Be3 Nxe5 13. Nxe5 Bxe5 14. Rd1 Qc7 15.
Nd5 Bxd5 16. Qxd5 Nc6 17. Bf3 Rfc8 18. Rd2 a5 19. Ke2 Ra6 20. Rhd1 Bf4 21. Qd7
Bxe3 22. fxe3 Ne5 23. Qxc8+ Qxc8 24. Rd8+ Qxd8 25. Rxd8+ Kg7 26. Bb7 Re6 27. Bd5
Ra6 28. Rb8 b4 29. Rb6 Rxb6 30. cxb6 Nd7 31. b7 Kf6 32. Kd3 Ke5 33. Kc4 e6 34.
Bc6 Nb8 35. Kc5 f5 36. Bf3 g5 37. g3 a4 38. Kxb4 Kd6 39. Kxa4 e5 40. Kb5 Kc7 41.
Kc5 f4 42. exf4 gxf4 43. gxf4 exf4 44. Kd4 Nd7 45. b4 h6 46. a4 Nf8 47. Ke5 Ng6+
48. Kf5 1-0

[Event "XVII MIEDZYNARODOWY FESTIWAL SZACHOWY PERLA BALTYKU - TURNIEJ KOLOWY Z NORMA IM"]
[Site "LAZY"]
[Date "1899-12-30"]
[Round "2.4"]
[White "Fiedorek, Michal"]
[Black "Aliavdin, Nikolai"]
[Result "0-1"]
[WhiteTitle "FM"]
[BlackTitle "IM"]
[WhiteElo "2234"]
[BlackElo "2324"]

1. e4 c5 2. Nf3 e6 3. d4 cxd4 4. Nxd4 Nc6 5. Nb5 d6 6. c4 Nf6 7. N1c3 a6 8. Na3
Be7 9. Be2 O-O 10. O-O b6 11. Be3 Bb7 12. Rc1 Ne5 13. f3 Rc8 14. Qd2 Qc7 15. Rfd1
Rfe8 16. Bf1 Ba8 17. Kh1 Qb8 18. Na4 Rc6 19. Nc3 Rcc8 20. Na4 Nfd7 21. Qf2 d5
22. cxd5 Rxc1 23. Rxc1 exd5 24. exd5 b5 25. Nc5 Bxc5 26. Bxc5 Bxd5 27. b3 Nxc5
28. Qxc5 Bb7 29. Nb1 h5 30. Nc3 h4 31. h3 Nxf3 32. gxf3 Bxf3+ 33. Bg2 Bxg2+ 34.
Kxg2 Qg3+ 35. Kh1 Qxh3+ 36. Kg1 Re3 37. Kf2 Rf3+ 38. Ke1 Qf1+ 39. Kd2 Qd3+ 40.
Ke1 Rf1# 0-1

[Event "XVII MIEDZYNARODOWY FESTIWAL SZACHOWY PERLA BALTYKU - TURNIEJ KOLOWY Z NORMA IM"]
[Site "LAZY"]
[Date "1899-12-30"]
[Round "2.5"]
[White "Nowak, Lukasz"]
[Black "Antolak, Julia"]
[Result "1/2-1/2"]
[WhiteTitle "FM"]
[BlackTitle "WIM"]
[WhiteElo "2303"]
[BlackElo "2309"]

1. d4 Nf6 2. c4 e6 3. g3 c5 4. d5 exd5 5. cxd5 b5 6. e4 Nxe4 7. Bg2 Nd6 8. Nf3
Be7 9. O-O O-O 10. Bf4 Nc4 11. d6 Bf6 12. Nbd2 Nxd2 13. Qxd2 Bb7 14. Qc2 Nc6 15.
Qxc5 Qb6 16. Qf5 Nb4 17. Rad1 Rae8 18. Bg5 Re6 19. Bxf6 Rxf6 20. Qg4 Na6 21. Ne5
Nb8 22. Nxd7 Nxd7 23. Qxd7 Bxg2 24. Kxg2 Rd8 25. Qc7 Rfxd6 26. Qxb6 axb6 27. Rxd6
Rxd6 28. Re1 f6 29. Re4 Kf7 30. Kf3 Rd5 31. Ke3 Rc5 32. Kd3 g6 33. h4 h5 34. Re2
g5 35. Re4 g4 36. Re2 Rc4 37. Re3 Rc5 38. Re4 Rf5 39. Re2 Rc5 40. Kd4 Rf5 41.
Rc2 Ke7 42. Ke4 Re5+ 43. Kf4 Kd6 44. f3 gxf3 45. Kxf3 Rf5+ 46. Ke4 Rf1 47. Rc3
Ke7 48. Rb3 Re1+ 49. Kf5 Re5+ 50. Kg6 Ke6 51. Rf3 f5 52. b4 Re4 53. Rf4 Re3 54.
Rxf5 Rxg3+ 55. Rg5 Rg4 56. a3 Rxh4 57. Rxb5 Rh3 58. a4 Ra3 59. Rxb6+ Kd7 60. a5
h4 61. Kf5 h3 62. a6 h2 63. Rh6 Rxa6 64. Rxh2 Ra4 65. Rh4 Kc6 66. b5+ Kxb5 67.
Rxa4 Kxa4 1/2-1/2

[Event "XVII MIEDZYNARODOWY FESTIWAL SZACHOWY PERLA BALTYKU - TURNIEJ KOLOWY Z NORMA IM"]
[Site "LAZY"]
[Date "1899-12-30"]
[Round "3.1"]
[White "Antolak, Julia"]
[Black "Dubinski, Mateusz"]
[Result "1/2-1/2"]
[WhiteTitle "WIM"]
[BlackTitle "FM"]
[WhiteElo "2309"]
[BlackElo "2312"]

1. e4 c6 2. d4 d5 3. Nd2 dxe4 4. Nxe4 Nd7 5. Bd3 Ngf6 6. Ng5 e6 7. Qe2 Bd6 8. N1f3
h6 9. Ne4 Nxe4 10. Bxe4 Qc7 11. Bd2 c5 12. Bc3 O-O 13. O-O-O c4 14. Ne5 Nf6 15.
g4 Rb8 16. Rhg1 Nxe4 17. Qxe4 b5 18. g5 hxg5 19. Bd2 Bb7 20. Qe2 c3 21. Bxg5 cxb2+
22. Kb1 f5 23. Bh6 Bxe5 24. Qxe5 Qxe5 25. dxe5 Rf7 26. Kxb2 Rc8 27. Bxg7 Rxg7
28. Rxg7+ Kxg7 29. Rd7+ Kg6 30. Rxb7 f4 31. Rxb5 Rh8 32. c4 Rxh2 33. c5 Rxf2+
34. Kc3 Rh2 35. c6 Rh8 36. c7 Rc8 37. Rc5 f3 38. Kd3 f2 39. Ke2 Kf5 40. Kxf2 Ke4
41. Ke2 Kd4 42. Ra5 Rxc7 43. Kf3 Rc5 44. Rxa7 Rxe5 45. Rd7+ Rd5 46. Rxd5+ exd5
1/2-1/2

[Event "XVII MIEDZYNARODOWY FESTIWAL SZACHOWY PERLA BALTYKU - TURNIEJ KOLOWY Z NORMA IM"]
[Site "LAZY"]
[Date "1899-12-30"]
[Round "3.2"]
[White "Aliavdin, Nikolai"]
[Black "Nowak, Lukasz"]
[Result "0-1"]
[WhiteTitle "IM"]
[BlackTitle "FM"]
[WhiteElo "2324"]
[BlackElo "2303"]

1. e4 c5 2. Nf3 d6 3. d4 cxd4 4. Qxd4 Nc6 5. Bb5 a6 6. Bxc6+ bxc6 7. c4 e5 8. Qd3
Ne7 9. O-O Ng6 10. Nc3 Be7 11. c5 dxc5 12. Qxd8+ Kxd8 13. Be3 Be6 14. Na4 c4 15.
Rfd1+ Kc7 16. Bb6+ Kb7 17. Bc5 Rhe8 18. Bxe7 Rxe7 19. Nd2 Kc7 20. Nc5 Nf4 21.
Nxe6+ Nxe6 22. Nxc4 f6 23. f3 Rd8 24. Rdc1 Rd3 25. b4 Nd4 26. Kf2 f5 27. exf5
e4 28. fxe4 Rxe4 29. h3 Rf4+ 30. Ke1 Nxf5 31. Na5 Ng3 0-1

[Event "XVII MIEDZYNARODOWY FESTIWAL SZACHOWY PERLA BALTYKU - TURNIEJ KOLOWY Z NORMA IM"]
[Site "LAZY"]
[Date "1899-12-30"]
[Round "3.3"]
[White "Kopylov, Daniel"]
[Black "Fiedorek, Michal"]
[Result "0-1"]
[WhiteTitle "m"]
[BlackTitle "FM"]
[WhiteElo "2344"]
[BlackElo "2234"]

1. e4 c5 2. Nf3 Nc6 3. d4 cxd4 4. Nxd4 Nf6 5. Nc3 d6 6. Bg5 e6 7. Qd2 a6 8. O-O-O
Bd7 9. Nxc6 Bxc6 10. Qe1 Qa5 11. f4 Be7 12. Bh4 Qc7 13. Bd3 b5 14. e5 dxe5 15.
fxe5 Nd5 16. Bxe7 Nxe7 17. Qg3 O-O 18. h4 b4 19. Ne4 Bxe4 20. Bxe4 Rac8 21. h5
f5 22. Bd3 a5 23. Rh4 Nd5 24. h6 g6 25. Rc4 Qb6 26. Rxc8 Rxc8 27. Qh4 Qc5 28.
Kb1 a4 29. a3 bxa3 30. c4 axb2 31. Kxb2 Qb4+ 32. Kc1 Qc3+ 33. Bc2 Qa3+ 0-1

[Event "XVII MIEDZYNARODOWY FESTIWAL SZACHOWY PERLA BALTYKU - TURNIEJ KOLOWY Z NORMA IM"]
[Site "LAZY"]
[Date "1899-12-30"]
[Round "3.5"]
[White "Grzesik, Gracjan"]
[Black "Kopylov, Michael"]
[Result "0-1"]
[WhiteTitle "k"]
[BlackTitle "IM"]
[WhiteElo "2063"]
[BlackElo "2388"]

1. c4 Nf6 2. Nc3 e5 3. g3 c6 4. d4 exd4 5. Qxd4 d5 6. Bg2 Be6 7. cxd5 cxd5 8. Bg5
Nc6 9. Qa4 Qb6 10. Bxf6 gxf6 11. Nxd5 Qxb2 12. Rd1 O-O-O 13. Qb3 Qxb3 14. axb3
Nb4 15. e4 f5 16. f3 Nxd5 17. exd5 Bxd5 18. Rc1+ Kb8 19. Ne2 Bb4+ 20. Kf2 Bxb3
21. f4 Rhe8 22. Bf3 Rd2 23. Rhf1 a5 24. h3 b6 25. g4 Bc5+ 26. Kg3 Rdxe2 0-1

[Event "XVII MIEDZYNARODOWY FESTIWAL SZACHOWY PERLA BALTYKU - TURNIEJ KOLOWY Z NORMA IM"]
[Site "LAZY"]
[Date "1899-12-30"]
[Round "4.1"]
[White "Dubinski, Mateusz"]
[Black "Kopylov, Michael"]
[Result "0-1"]
[WhiteTitle "FM"]
[BlackTitle "IM"]
[WhiteElo "2312"]
[BlackElo "2388"]

1. d4 Nf6 2. c4 c5 3. d5 e6 4. Nc3 exd5 5. cxd5 d6 6. g3 g6 7. Bg2 Bg7 8. Nf3 O-O
9. O-O Re8 10. Re1 a6 11. a4 Ne4 12. Nxe4 Rxe4 13. Nd2 Rb4 14. Qc2 Nd7 15. h3
Qc7 16. e4 Rb8 17. a5 c4 18. Ra4 Rxa4 19. Qxa4 Ne5 20. Bf1 Bd7 21. Qa3 Rc8 22.
f4 Nd3 23. Bxd3 cxd3 24. Qxd3 Bxh3 25. Nb3 Qc2 26. Qxc2 Rxc2 27. e5 Rg2+ 28. Kh1
Rxg3 29. exd6 Rxb3 30. Re7 Bf6 31. f5 Bxf5 0-1

[Event "XVII MIEDZYNARODOWY FESTIWAL SZACHOWY PERLA BALTYKU - TURNIEJ KOLOWY Z NORMA IM"]
[Site "LAZY"]
[Date "1899-12-30"]
[Round "4.2"]
[White "Budrewicz, Krzysztof"]
[Black "Grzesik, Gracjan"]
[Result "0-1"]
[WhiteTitle "m"]
[BlackTitle "k"]
[WhiteElo "2279"]
[BlackElo "2063"]

1. d4 Nf6 2. c4 e6 3. Nf3 b6 4. g3 Bb7 5. Bg2 Bb4+ 6. Nbd2 O-O 7. O-O Be7 8. Re1
d5 9. b3 Nbd7 10. Bb2 c5 11. cxd5 exd5 12. Ne5 Qc7 13. e3 Rad8 14. Qc2 Rfe8 15.
f4 Nf8 16. Rac1 Qb8 17. g4 cxd4 18. exd4 Bb4 19. Bc3 Rc8 20. Qd3 Bxc3 21. Rxc3
Rxc3 22. Qxc3 Nxg4 23. Bh3 Nf6 24. Rc1 Ne4 25. Nxe4 dxe4 26. Qc4 Re7 27. b4 Qd6
28. a3 Bd5 29. Qc8 f6 30. Nd7 Rxd7 31. Bxd7 Qxd7 32. Qxd7 Nxd7 33. Rc7 Nf8 34.
Rxa7 b5 35. Kf2 f5 36. a4 bxa4 37. b5 Ne6 38. b6 a3 39. Rxa3 Nxf4 40. Ra5 Nd3+
41. Kg1 e3 42. Kf1 Bf3 43. Ra2 e2+ 44. Rxe2 Bxe2+ 45. Kxe2 Nb4 46. d5 Kf7 47.
b7 Na6 0-1

[Event "XVII MIEDZYNARODOWY FESTIWAL SZACHOWY PERLA BALTYKU - TURNIEJ KOLOWY Z NORMA IM"]
[Site "LAZY"]
[Date "1899-12-30"]
[Round "4.4"]
[White "Nowak, Lukasz"]
[Black "Kopylov, Daniel"]
[Result "1-0"]
[WhiteTitle "FM"]
[BlackTitle "m"]
[WhiteElo "2303"]
[BlackElo "2344"]

1. e4 c5 2. Nf3 d6 3. Bb5+ Bd7 4. c4 Nf6 5. Nc3 g6 6. d4 cxd4 7. Nxd4 Bg7 8. O-O
O-O 9. h3 a6 10. Bxd7 Nbxd7 11. b3 Rc8 12. Bb2 Nc5 13. Qe2 e6 14. Rad1 Qc7 15.
Rd2 Rfe8 16. Qf3 b6 17. Nde2 Qb7 18. Ng3 h5 19. Re1 h4 20. Nf1 Nfd7 21. Rxd6 Qc7
22. Red1 Ne5 23. Qe3 Red8 24. R6d2 Rxd2 25. Rxd2 b5 26. cxb5 Ncd3 27. Rxd3 Nxd3
28. Qxd3 Bxc3 29. b6 Qxb6 30. Bxc3 Qb5 31. Qd4 e5 32. Qxe5 Qxe5 33. Bxe5 Rc2 34.
a4 Re2 35. Bc3 Rxe4 36. Ne3 f5 37. Kf1 Kf7 38. Nd5 Re6 39. b4 Rd6 40. Ne3 Rd3
41. Be1 Ke6 42. Ke2 Ra3 43. a5 g5 44. Nc2 Ra2 45. Kd2 g4 46. Kc3 f4 47. f3 1-0

[Event "XVII MIEDZYNARODOWY FESTIWAL SZACHOWY PERLA BALTYKU - TURNIEJ KOLOWY Z NORMA IM"]
[Site "LAZY"]
[Date "1899-12-30"]
[Round "4.5"]
[White "Antolak, Julia"]
[Black "Aliavdin, Nikolai"]
[Result "1-0"]
[WhiteTitle "WIM"]
[BlackTitle "IM"]
[WhiteElo "2309"]
[BlackElo "2324"]

1. e4 e5 2. Nf3 Nc6 3. Bc4 Bc5 4. c3 Nf6 5. d4 exd4 6. e5 d5 7. Bb5 Ne4 8. cxd4
Bb6 9. Nc3 O-O 10. Be3 Bg4 11. h3 Bh5 12. Qc2 Bg6 13. Qb3 Ba5 14. O-O Bxc3 15.
bxc3 Na5 16. Qb2 c6 17. Be2 b5 18. Bf4 Nc4 19. Bxc4 bxc4 20. Qa3 Re8 21. Rab1
Qe7 22. Qa5 Rab8 23. Rxb8 Rxb8 24. e6 Rb5 25. Qa6 Qxe6 26. Qxa7 h6 27. Re1 Qc8
28. Ne5 Qb7 29. Qxb7 Rxb7 30. Rc1 Rb2 31. f3 Nf2 32. Nxg6 fxg6 33. Ra1 Nd3 34.
Bg3 c5 35. dxc5 Nxc5 36. Be5 Nd3 37. Bd4 Nf4 38. Kf1 Nxg2 39. a4 Nh4 40. a5 Nxf3
41. a6 Nh2+ 42. Ke1 Nf3+ 43. Kd1 Rh2 44. Ra3 Rh1+ 45. Ke2 Nxd4+ 46. cxd4 Rh2+
47. Kf1 Rh1+ 48. Kg2 Re1 49. a7 Re8 50. a8=Q Rxa8 51. Rxa8+ Kf7 52. Ra6 1-0

[Event "XVII MIEDZYNARODOWY FESTIWAL SZACHOWY PERLA BALTYKU - TURNIEJ KOLOWY Z NORMA IM"]
[Site "LAZY"]
[Date "1899-12-30"]
[Round "5.1"]
[White "Aliavdin, Nikolai"]
[Black "Dubinski, Mateusz"]
[Result "1-0"]
[WhiteTitle "IM"]
[BlackTitle "FM"]
[WhiteElo "2324"]
[BlackElo "2312"]

1. e4 d5 2. exd5 Nf6 3. d4 Bg4 4. Bb5+ Nbd7 5. Be2 Bxe2 6. Qxe2 Nxd5 7. c4 Nb4
8. Nf3 c5 9. d5 g6 10. O-O Bg7 11. a3 Na6 12. Re1 O-O 13. Qxe7 Re8 14. Qxe8+ Qxe8
15. Rxe8+ Rxe8 16. Nbd2 b5 17. cxb5 Nc7 18. Nc4 Nxb5 19. Be3 Nb6 20. Nfd2 Nxd5
21. Bxc5 Rc8 22. Be3 f5 23. a4 Nd4 24. Bxd4 Bxd4 25. Ra3 Nb6 26. b3 Nd5 27. Kf1
Nb4 28. a5 Re8 29. Nf3 Bc3 30. Ra4 g5 31. Nd6 Rb8 32. Nxg5 Nd5 33. Nxf5 Rxb3 34.
Rc4 Rb8 35. a6 Re8 36. g3 Bf6 37. Ne4 Bd8 38. Ned6 Rf8 39. Rg4+ Kh8 40. Rg7 Bb6
41. Nf7+ Rxf7 42. Rxf7 Kg8 43. Rg7+ Kh8 44. Rb7 1-0

[Event "XVII MIEDZYNARODOWY FESTIWAL SZACHOWY PERLA BALTYKU - TURNIEJ KOLOWY Z NORMA IM"]
[Site "LAZY"]
[Date "1899-12-30"]
[Round "5.2"]
[White "Kopylov, Daniel"]
[Black "Antolak, Julia"]
[Result "0-1"]
[WhiteTitle "m"]
[BlackTitle "WIM"]
[WhiteElo "2344"]
[BlackElo "2309"]

1. e4 c5 2. Nf3 d6 3. d4 cxd4 4. Nxd4 Nf6 5. Nc3 a6 6. Be3 e5 7. Nf3 Qc7 8. a4
Be6 9. a5 Qc6 10. Bd3 Nbd7 11. Qe2 h6 12. O-O Be7 13. Rfd1 O-O 14. h3 Rfe8 15.
Nh4 d5 16. exd5 Nxd5 17. Nxd5 Bxd5 18. Nf5 Nf6 19. Qf1 Bf8 20. Bb6 Rac8 21. c3
Nd7 22. Be3 e4 23. Bc2 Bc4 24. Qe1 Nc5 25. Rd4 Qe6 26. Qd1 Bb3 27. Ng3 Bxc2 28.
Qxc2 Nb3 29. Raa4 Nxd4 30. Rxd4 f5 31. Nh5 Red8 32. Nf4 Qf7 33. Qd1 Rxd4 34. Qxd4
g5 35. Nd5 Bg7 36. Qd1 Rd8 37. c4 Bxb2 38. Qb1 Bg7 39. Qb6 Rc8 40. Bc5 Kh7 41.
Ne7 Re8 42. Nd5 Re6 43. Bd6 Be5 44. c5 Rxd6 45. cxd6 Qxd5 46. Qc7+ Kg6 47. g4
fxg4 0-1

[Event "XVII MIEDZYNARODOWY FESTIWAL SZACHOWY PERLA BALTYKU - TURNIEJ KOLOWY Z NORMA IM"]
[Site "LAZY"]
[Date "1899-12-30"]
[Round "5.4"]
[White "Grzesik, Gracjan"]
[Black "Fiedorek, Michal"]
[Result "1/2-1/2"]
[WhiteTitle "k"]
[BlackTitle "FM"]
[WhiteElo "2063"]
[BlackElo "2234"]

1. d4 d5 2. c4 e6 3. Nc3 Nf6 4. cxd5 Nxd5 5. e4 Nxc3 6. bxc3 c5 7. Nf3 cxd4 8.
cxd4 Bb4+ 9. Bd2 Bxd2+ 10. Qxd2 O-O 11. Bc4 Nd7 12. O-O b6 13. Rfd1 Bb7 14. d5
exd5 15. Bxd5 Nc5 16. Qf4 Qe7 17. Nd4 Rfe8 18. Nf5 Qe5 19. Qxe5 Rxe5 20. f4 Ree8
21. Nd6 Re7 22. Nxb7 Nxb7 23. Rac1 Rb8 24. Bxb7 Rexb7 25. Rc6 f6 26. Kf2 a5 27.
Rd5 b5 28. Ra6 a4 29. Ra5 Rc8 30. Raxb5 Rc2+ 31. Kf3 Rbc7 32. Rb8+ Kf7 33. Rbd8
Rxa2 34. R8d7+ Rxd7 35. Rxd7+ Kf8 36. e5 fxe5 37. fxe5 a3 38. Ra7 Ra1 39. g4 a2
40. Kg2 Re1 41. Rxa2 1/2-1/2

[Event "XVII MIEDZYNARODOWY FESTIWAL SZACHOWY PERLA BALTYKU - TURNIEJ KOLOWY Z NORMA IM"]
[Site "LAZY"]
[Date "1899-12-30"]
[Round "5.5"]
[White "Kopylov, Michael"]
[Black "Budrewicz, Krzysztof"]
[Result "1/2-1/2"]
[WhiteTitle "IM"]
[BlackTitle "m"]
[WhiteElo "2388"]
[BlackElo "2279"]

1. d4 Nf6 2. c4 g6 3. Nc3 Bg7 4. e4 O-O 5. f4 d6 6. Nf3 Na6 7. Be2 c5 8. d5 e6
9. O-O exd5 10. exd5 Re8 11. Bd3 Ng4 12. h3 Ne3 13. Bxe3 Rxe3 14. Qd2 Re8 15.
f5 Bxf5 16. Bxf5 gxf5 17. Qf4 Nb4 18. Nb5 Re2 19. Qxf5 Qf6 20. Qxf6 Bxf6 21. Nxd6
Nd3 22. Rad1 Nxb2 23. Rd2 Re7 24. Rb1 Rd8 25. Nf5 Nxc4 26. Nxe7+ Bxe7 27. Rxb7
Nxd2 28. Nxd2 Bh4 29. Nf3 Bg3 30. Rxa7 Rxd5 31. Kf1 Rd1+ 32. Ke2 Rb1 33. Ng5 c4
34. Ra8+ Bb8 35. a4 Kg7 36. Ne4 Rb2+ 37. Ke3 f5 38. Nc5 Bh2 39. Rc8 Bg1+ 40. Kf4
Rxg2 41. Kxf5 Bxc5 42. Rxc5 Rc2 43. Rc7+ Kh6 44. a5 1/2-1/2

[Event "XVII MIEDZYNARODOWY FESTIWAL SZACHOWY PERLA BALTYKU - TURNIEJ KOLOWY Z NORMA IM"]
[Site "LAZY"]
[Date "1899-12-30"]
[Round "6.1"]
[White "Dubinski, Mateusz"]
[Black "Budrewicz, Krzysztof"]
[Result "1-0"]
[WhiteTitle "FM"]
[BlackTitle "m"]
[WhiteElo "2312"]
[BlackElo "2279"]

1. d4 Nf6 2. c4 g6 3. Nc3 Bg7 4. g3 O-O 5. Bg2 d6 6. Nf3 Nc6 7. O-O e5 8. dxe5
Nxe5 9. Nxe5 dxe5 10. Qxd8 Rxd8 11. Bg5 Rd7 12. Rad1 c6 13. b3 h6 14. Be3 Ng4
15. Bc1 f5 16. e4 Rd4 17. h3 Nf6 18. Be3 Rxd1 19. Rxd1 Be6 20. exf5 gxf5 21. Ne2
a5 22. Nc3 Bf8 23. Na4 Nd7 24. f4 e4 25. Bf1 Kf7 26. Be2 Rb8 27. g4 Bb4 28. c5
fxg4 29. hxg4 Nf6 30. f5 Bd5 31. Kf2 Rg8 32. Rg1 Nh7 33. Bxh6 Ng5 34. Bxg5 Rxg5
35. Ke3 Kf6 36. Kd4 Rg8 37. Nc3 Bxc3+ 38. Kxc3 Ke5 39. Rh1 a4 40. Rh7 a3 41. Re7+
Kf4 42. Rxb7 Ke3 43. Bd1 Rh8 44. b4 Rh1 45. Bc2 Kf2 46. f6 e3 47. f7 Rh8 48. Bb3
e2 49. Re7 Bf3 50. g5 Bh5 51. Bc2 e1=Q+ 52. Rxe1 Kxe1 53. g6 Rd8 54. Be4 Kd1 55.
Bf3+ Bxf3 56. g7 Be2 57. b5 1-0

[Event "XVII MIEDZYNARODOWY FESTIWAL SZACHOWY PERLA BALTYKU - TURNIEJ KOLOWY Z NORMA IM"]
[Site "LAZY"]
[Date "1899-12-30"]
[Round "6.2"]
[White "Fiedorek, Michal"]
[Black "Kopylov, Michael"]
[Result "1/2-1/2"]
[WhiteTitle "FM"]
[BlackTitle "IM"]
[WhiteElo "2234"]
[BlackElo "2388"]

1. e4 e5 2. Nf3 d6 3. d4 exd4 4. Nxd4 Nf6 5. Nc3 Be7 6. Bc4 O-O 7. O-O Re8 8. Re1
Nbd7 9. h3 Bf8 10. a4 c6 11. Ba2 Nc5 12. Qf3 d5 13. e5 Nfd7 14. Qg3 Ne6 15. Nf5
g6 16. Bh6 Ng7 17. Bxg7 Bxg7 18. Nxg7 Kxg7 19. f4 Nc5 20. b4 Na6 21. Rab1 Qe7
22. b5 Nc5 23. Qf2 Rd8 24. Rbd1 Bf5 25. g4 Be4 26. Nxe4 Nxe4 27. Qe3 Qb4 28. Rd4
Qe7 29. c4 Rac8 30. cxd5 cxd5 1/2-1/2

[Event "XVII MIEDZYNARODOWY FESTIWAL SZACHOWY PERLA BALTYKU - TURNIEJ KOLOWY Z NORMA IM"]
[Site "LAZY"]
[Date "1899-12-30"]
[Round "6.3"]
[White "Nowak, Lukasz"]
[Black "Grzesik, Gracjan"]
[Result "1-0"]
[WhiteTitle "FM"]
[BlackTitle "k"]
[WhiteElo "2303"]
[BlackElo "2063"]

1. d4 Nf6 2. c4 e6 3. g3 c5 4. d5 exd5 5. cxd5 d6 6. Nc3 g6 7. Bg2 Bg7 8. Nf3 O-O
9. O-O Re8 10. Bf4 a6 11. a4 Nh5 12. Bg5 Qc7 13. Qd2 Nd7 14. Bh6 Bh8 15. Rfc1
Rb8 16. h3 b5 17. axb5 axb5 18. g4 Nhf6 19. b4 cxb4 20. Nxb5 Qb6 21. Nfd4 Nc5
22. Qxb4 Bb7 23. Qc4 Rec8 24. Rab1 Nce4 25. Nc7 Qa7 26. e3 Nd2 27. Nc6 Rxc7 28.
Nxa7 Rxc4 29. Rxc4 Nxb1 30. Rb4 Nc3 31. Nc6 Nfxd5 32. e4 Bg7 33. exd5 Re8 34.
Bxg7 Ne2+ 35. Kf1 Ba6 36. Bf6 Nf4+ 37. Kg1 1-0

[Event "XVII MIEDZYNARODOWY FESTIWAL SZACHOWY PERLA BALTYKU - TURNIEJ KOLOWY Z NORMA IM"]
[Site "LAZY"]
[Date "1899-12-30"]
[Round "6.5"]
[White "Aliavdin, Nikolai"]
[Black "Kopylov, Daniel"]
[Result "1/2-1/2"]
[WhiteTitle "IM"]
[BlackTitle "m"]
[WhiteElo "2324"]
[BlackElo "2344"]

1. e4 c5 2. Nf3 d6 3. Bb5+ Bd7 4. Bxd7+ Qxd7 5. O-O g6 6. c3 Nf6 7. Re1 Bg7 8.
d4 cxd4 9. cxd4 d5 10. e5 Ne4 11. Nbd2 Nxd2 12. Bxd2 O-O 13. Bf4 Nc6 14. Qd2 Rac8
15. Bh6 f6 16. Bxg7 Kxg7 17. h3 Qf5 18. e6 Rfd8 19. Rac1 h5 20. b4 a6 21. a4 Na7
22. b5 Rd6 23. bxa6 bxa6 24. Kh2 g5 25. Rxc8 Nxc8 26. Qe2 Rc6 27. Kh1 Nd6 28.
Nd2 Rc3 29. Nf1 Qc2 30. Ne3 Qe4 31. Qxh5 Qxe6 32. Qf3 Rd3 33. Qxd5 Qxd5 34. Nxd5
Rxd4 35. Nxe7 Rxa4 36. Rd1 Ne4 37. Kg1 Ra2 38. f3 Nc5 39. Rc1 Ne6 40. Nd5 Rd2
41. Rc6 Kf7 42. Ne3 a5 43. Ra6 Ra2 44. Nd5 a4 45. Nc3 Rc2 46. Ne4 Ra2 47. Nc3
Rc2 1/2-1/2

[Event "XVII MIEDZYNARODOWY FESTIWAL SZACHOWY PERLA BALTYKU - TURNIEJ KOLOWY Z NORMA IM"]
[Site "LAZY"]
[Date "1899-12-30"]
[Round "7.1"]
[White "Kopylov, Daniel"]
[Black "Dubinski, Mateusz"]
[Result "1-0"]
[WhiteTitle "m"]
[BlackTitle "FM"]
[WhiteElo "2344"]
[BlackElo "2312"]

1. e4 c5 2. Nf3 d6 3. d4 cxd4 4. Nxd4 Nf6 5. Nc3 a6 6. Be2 e5 7. Nb3 Be7 8. O-O
O-O 9. Be3 Qc7 10. a4 Nbd7 11. a5 b5 12. axb6 Nxb6 13. Bxb6 Qxb6 14. Bc4 a5 15.
Ra2 Be6 16. Nd5 Bxd5 17. Bxd5 Ra7 18. Qd3 Kh8 19. Nd2 Bd8 20. Nc4 Qc5 21. Qe3
Qc7 22. b3 Nxd5 23. exd5 Ra6 24. Rfa1 Qb7 25. Qd3 f5 26. Nxa5 Qa8 27. b4 e4 28.
Qc4 Bf6 29. Nc6 Rxa2 30. Rxa2 Qe8 31. c3 f4 32. Re2 e3 33. Qd3 Bg5 34. Nd4 Bh4
35. fxe3 fxe3 36. g3 Qf7 37. Rxe3 Qf2+ 38. Kh1 Ra8 39. Qa6 Rf8 40. Qe2 Qf7 41.
gxh4 Qxd5+ 42. Kg1 1-0

[Event "XVII MIEDZYNARODOWY FESTIWAL SZACHOWY PERLA BALTYKU - TURNIEJ KOLOWY Z NORMA IM"]
[Site "LAZY"]
[Date "1899-12-30"]
[Round "7.3"]
[White "Grzesik, Gracjan"]
[Black "Antolak, Julia"]
[Result "1/2-1/2"]
[WhiteTitle "k"]
[BlackTitle "WIM"]
[WhiteElo "2063"]
[BlackElo "2309"]

1. c4 e5 2. Nc3 Nf6 3. Nf3 Nc6 4. g3 d5 5. cxd5 Nxd5 6. Bg2 Nb6 7. O-O Be7 8. d3
O-O 9. Be3 Re8 10. Rc1 Bf8 11. Ne4 Nd4 12. Bxd4 exd4 13. Nc5 Bxc5 14. Rxc5 Bg4
15. b4 Qd6 16. Qd2 h6 17. Rfc1 Re7 18. h3 Bxf3 19. Bxf3 Rae8 20. b5 Na4 21. Rd5
Qb6 22. Rc4 Nc3 23. Rdxd4 Nxe2+ 24. Bxe2 Rxe2 25. Qf4 R2e7 26. Re4 Rxe4 27. dxe4
Qxb5 28. Rxc7 Qb1+ 29. Kg2 Qxa2 30. Rxb7 a5 31. Ra7 1/2-1/2